|
|
|
|
| LEADER |
00000nam a22000007a 4500 |
| 005 |
2019122007277.0 |
| 007 |
cr|||| |||| |
| 008 |
191220s2019 ro |||||s|||| 00||0 eng d |
| 020 |
|
|
|a 978-606-94312-8-3
|
| 035 |
|
|
|a 30245
|
| 040 |
|
|
|a vLex
|
| 090 |
|
|
|c 10085
|d 10085
|
| 100 |
1 |
|
|a Săraru, Cătălin-Silviu
|
| 245 |
1 |
0 |
|a Practical Aspects Regarding the Role of Administrative Law in the Modernization of Public Administration
|h [Recurso electrn̤ico] /
|c Catalin-Silviu Sararu, M. Elvira Mňdez-Pinedo, Jakub Handrlica
|
| 256 |
|
|
|a Servicio en ln̕ea
|
| 260 |
|
|
|a Bucarest:
|b Bucharest Academy of Economic Studies,
|c 2019
|
| 300 |
|
|
|a 1 recurso electrn̤ico
|
| 500 |
|
|
|a This volume contains the scientific papers presented at the 2nd International Conference “Contemporary Challenges in Administrative Law from an Interdisciplinary Perspective” that was held on 17 May 2019 at Bucharest University of Economic Studies, Romania. The scientific studies included in this volume are grouped into two chapters: Practical Aspects Regarding the Role of Administrative Law in the Modernization of Public Administration at European and International Level and Practical Aspects Regarding the Role of Administrative Law in the Modernization of Public Administration at National Level. This volume is aimed at practitioners, researchers, students and PhD candidates in juridical and administrative sciences, who are interested in recent developments and prospects for development in the field of administrative law and public administration at international and national level.
|
| 506 |
1 |
|
|a Disponible solo en los productos indicados
|d vLex Global
|d vLex Global (Academic Edition, excluding Law Schools)
|d vLex Global (U.S. Academic Edition, Law Schools)
|d vLex Global (U.S. Academic Edition, excluding Law Schools)
|d vLex Global (Academic Edition, Law Schools)
|
| 650 |
0 |
4 |
|a Derecho Pb︢lico y Administrativo
|z Rumania
|
| 700 |
1 |
|
|a Mňdez-Pinedo, M. Elvira
|
| 700 |
1 |
|
|a Handrlica, Jakub
|
| 740 |
0 |
|
|a vLex Libros (Servicio en ln̕ea)
|
| 856 |
4 |
0 |
|u http://vlex.com/source/practical-aspects-regarding-the-role-of-administrative-law-in-the-modernization-of-public-administration-30245
|z Acceso restringido
|
| 942 |
|
|
|c BOOK
|
| 999 |
0 |
|
|a Public and Administrative Law
|